Football Groups of Six - Statistics

General Stats
  • This quiz has been taken 59 times
    34 since last reset
  • The average score is 21 of 48
Answer Stats
Group Answer % Correct
Premier League 'Big Six' Manchester United
97%
Teams that David Beckham player for Manchester United
97%
Premier League 'Big Six' Arsenal
94%
Premier League 'Big Six' Chelsea
94%
Premier League 'Big Six' Manchester City
94%
Bundesliga Champions Since 1990 Bayern Munich
91%
Premier League 'Big Six' Liverpool
91%
Premier League 'Big Six' Tottenham Hotspur
88%
Bundesliga Champions Since 1990 Borussia Dortmund
84%
Barcelona Ballon d'Or winners Lionel Messi
81%
Teams that David Beckham player for Real Madrid
75%
Teams that David Beckham player for LA Galaxy
72%
Years in which Liverpool won the European Cup 2005
69%
Years in which Liverpool won the European Cup 2019
69%
Years in which Liverpool won the European Cup 1977
66%
Years in which Liverpool won the European Cup 1978
66%
Years in which Liverpool won the European Cup 1981
66%
Years in which Liverpool won the European Cup 1984
66%
Teams that David Beckham player for Paris-Saint Germain
66%
Teams that David Beckham player for Milan
56%
Barcelona Ballon d'Or winners Ronaldinho
50%
Bundesliga Champions Since 1990 VfL Wolfsburg
50%
Football League teams north of Blackpool Newcastle United
47%
Teams that David Beckham player for Preston North End
44%
Football League teams north of Blackpool Sunderland
44%
Barcelona Ballon d'Or winners Johan Cruyff
38%
Bundesliga Champions Since 1990 VfB Stuttgart
31%
Bundesliga Champions Since 1990 Werder Bremen
31%
Bundesliga Champions Since 1990 1. FC Kaiserslautern
25%
Barcelona Ballon d'Or winners Rivaldo
25%
Football League teams north of Blackpool Carlisle United
22%
Barcelona Ballon d'Or winners Luis Suárez
16%
Football League teams north of Blackpool Middlesborough
16%
Football League teams north of Blackpool Morecambe
13%
First six different FA Cup winners Old Etonians
13%
First six different FA Cup winners Wanderers
13%
Six Confederations of FIFA CAF
9%
Football League teams north of Blackpool Fleetwood Town
6%
Barcelona Ballon d'Or winners Hristo Stoichkov
6%
Six Confederations of FIFA CONCACAF
3%
Six Confederations of FIFA CONMEBOL
3%
First six different FA Cup winners Oxford University
3%
First six different FA Cup winners Royal Engineers
3%
Six Confederations of FIFA UEFA
3%
Six Confederations of FIFA AFC
0%
First six different FA Cup winners Clapham Rovers
0%
Six Confederations of FIFA OFC
0%
First six different FA Cup winners Old Carthusians
0%
No matching quizzes found
Score Distribution
Percent of People with Each Score
Percentile by Number Answered
Your Score History
You have not taken this quiz since the last reset